000 00298cam a22001097a 4500
008 180718b1947 xxu||||| |||| 00| 0 eng d
082 _aT19x43 St68
100 _aStolper, Gustav
245 _aGerman realities
_cby Gustav Stolper
260 _aNew York
_bReynal and Hitchcock
_c1947
300 _ax,341p.
999 _c436002
_d436002